000
00280nam a2200121Ia 4500
008
231129s1986||||xx |||||||||||||| ||spa||
082
_a
428 C238l
100
_a
Capelle Guy
245
0
_a
I English
260
_c
1986
264
_a
New York: Publishing Company
942
_2
ddc
_c
BKS
999
_c
15520
_d
15520